Roman catholic dioceses of Europe (I) - Statistics

General Stats
  • This quiz has been taken 178 times
  • The average score is 110 of 488
Answer Stats
Diocese Answer % Correct
Metropolitan archdiocese Paris
91%
Metropolitan archdiocese Rome
88%
Metropolitan patriarchate Lisboa
83%
Metropolitan archdiocese Barcelona
81%
Metropolitan archdiocese Naples
81%
Metropolitan archdiocese Madrid
80%
Diocese Haarlem-Amsterdam
79%
Metropolitan archdiocese Turin
79%
Metropolitan patriarchate Venice
79%
Metropolitan archdiocese Mechelen-Brussels
78%
Metropolitan archdiocese Dublin
77%
Metropolitan archdiocese Palermo
76%
Diocese Porto
75%
Metropolitan archdiocese Marseille
74%
Metropolitan archdiocese Bordeaux
73%
Diocese Porto-Santa Rufina
73%
Metropolitan archdiocese Florence
72%
Metropolitan archdiocese Lyon
72%
Diocese Nice
69%
Diocese Antwerp
68%
Metropolitan archdiocese St Andrews and Edinburgh
67%
Diocese Cork and Ross
66%
Metropolitan archdiocese Genoa
66%
Metropolitan archdiocese Glasgow
64%
Archdiocese (exempt) Strasbourg
64%
Diocese Rotterdam
63%
Diocese (exempt) Stockholm
63%
Metropolitan archdiocese Valencia
63%
Metropolitan archdiocese Bologna
62%
Diocese Nantes
62%
Diocese (exempt) Oslo
62%
Metropolitan archdiocese Toulouse
62%
Metropolitan archdiocese Bari-Bitonto
61%
Archdiocese (exempt) Luxembourg
61%
Diocese Bilbao
60%
Diocese Bruges
60%
Metropolitan archdiocese Liverpool
60%
Diocese Trieste
60%
Metropolitan archdiocese Pisa
59%
Metropolitan archdiocese Zaragoza
58%
Metropolitan archdiocese Birmingham
57%
Diocese Down and Connor
56%
Metropolitan archdiocese Granada
56%
Metropolitan archdiocese Lille
56%
Diocese (exempt) Helsinki
55%
Diocese Liège
55%
Metropolitan archdiocese Sevilla
55%
Metropolitan archdiocese Montpellier
54%
Diocese Mallorca
53%
Archdiocese (exempt) Monaco
53%
Diocese (exempt) Copenhagen
52%
Metropolitan archdiocese Milano
52%
Metropolitan archdiocese Catania
51%
Metropolitan archdiocese Reims
51%
Diocese San Marino-Montefeltro
51%
Diocese Grenoble-Vienne
49%
Diocese Padua
49%
Diocese Aberdeen
48%
Metropolitan archdiocese Cardiff
48%
Metropolitan archdiocese Dijon
48%
Diocese Hexham and Newcastle
48%
Metropolitan archdiocese Toledo
48%
Metropolitan archdiocese Utrecht
48%
Diocese Ghent
47%
Diocese Málaga
47%
Diocese Parma
47%
Diocese Verona
47%
Diocese Córdoba
46%
Diocese Galway and Kilmacduagh
46%
Metropolitan archdiocese Messina-Lipari-Santa Lucia del Mela
46%
Metropolitan archdiocese Westminster
46%
Diocese Nancy
45%
Metropolitan archdiocese Ravenna-Cervia
45%
Diocese Cádiz and Ceuta
44%
Diocese Fano-Fossombrone-Cagli-Pergola
44%
Metropolitan archdiocese Trento
44%
Metropolitan archdiocese Cagliari
43%
Diocese Fréjus-Toulon
43%
Diocese Leeds
43%
Diocese Orléans
43%
Metropolitan archdiocese Tours
43%
Diocese Nottingham
42%
Metropolitan archdiocese Valladolid
42%
Archdiocese Avignon
41%
Diocese Le Havre
41%
Metropolitan archdiocese Modena-Nonantola
41%
Metropolitan archdiocese Rouen
41%
Metropolitan archdiocese Santiago de Compostela
41%
Metropolitan archdiocese Burgos
40%
Diocese Derry
40%
Diocese Limerick
40%
Diocese (exempt) Metz
40%
Diocese Orihuela-Alicante
40%
Metropolitan archdiocese Siena-Colle di Val d'Elsa-Montalcino
40%
Diocese Bergamo
39%
Diocese Faro
39%
Metropolitan archdiocese Rennes
38%
Metropolitan archdiocese Braga
37%
Diocese Como
37%
Diocese Nîmes
37%
Metropolitan archdiocese Salerno-Campagna-Acerno
37%
Metropolitan archdiocese Taranto
37%
Diocese Girona
36%
Diocese Tui-Vigo
36%
Metropolitan archdiocese Udine
36%
Metropolitan archdiocese Ancona-Osimo
35%
Archdiocese (exempt) Lucca
35%
Diocese San Sebastián
35%
Diocese Vic
35%
Diocese Brescia
34%
Metropolitan archdiocese Clermont
34%
Diocese Ibiza
34%
Metropolitan archdiocese Perugia-Città della Pieve
34%
Diocese Amiens
33%
Diocese Groningen-Leeuwarden
33%
Diocese Limoges
33%
Metropolitan archdiocese Malta
33%
Diocese Plymouth
33%
Diocese Rimini
33%
Diocese Coimbra
32%
Archdiocese Ferrara-Comacchio
32%
Metropolitan archdiocese Pamplona y Tudela
32%
Diocese Reggio Emilia-Guastalla
32%
Diocese Santander
32%
Metropolitan archdiocese Tarragona
32%
Diocese Versailles
32%
Diocese Ajaccio
31%
Diocese Assisi-Nocera Umbra-Gualdo Tadino
31%
Diocese Cremona
31%
Diocese La Rochelle
31%
Metropolitan archdiocese Lecce
31%
Diocese León
31%
Diocese Bozen-Brixen
29%
Archdiocese Brindisi-Ostuni
29%
Diocese Le Mans
29%
Diocese Pavia
29%
Diocese Salamanca
29%
Diocese Angers
28%
Diocese Namur
28%
Diocese Aosta
27%
Metropolitan archdiocese Besançon
27%
Diocese Carcassonne
27%
Diocese Menorca
27%
Metropolitan archdiocese Mérida-Badajoz
27%
Diocese Portsmouth
27%
Metropolitan archdiocese Reggio Calabria-Bova
27%
Diocese Saint-Étienne
27%
Diocese Almería
26%
Metropolitan archdiocese Oviedo
26%
Diocese Perpignan-Elne
26%
Diocese Piacenza-Bobbio
26%
Archdiocese Urbino-Urbania-Sant'Angelo in Vado
26%
Diocese Vicenza
26%
Diocese Ales-Terralba
25%
Diocese Bayonne
25%
Diocese Funchal
25%
Diocese Huelva
25%
Metropolitan archdiocese Poitiers
25%
Diocese (exempt) Reykjavík
25%
Diocese Saint-Denis
25%
Diocese Waterford and Lismore
25%
Archdiocese Aix
24%
Diocese Arezzo-Cortona-Sansepolcro
24%
Diocese Arundel and Brighton
24%
Diocese Ávila
24%
Metropolitan archdiocese Benevento
24%
Diocese Breda
24%
Diocese Livorno
24%
Diocese Mantua
24%
Metropolitan archdiocese Sassari
24%
Diocese Segorbe-Castellón
24%
Metropolitan archdiocese Siracusa
24%
Diocese Albacete
23%
Metropolitan archdiocese Foggia-Bovino
23%
Diocese La Spezia-Sarzana-Brugnato
23%
Diocese Lleida
23%
Metropolitan archdiocese Pescara-Penne
23%
Diocese Treviso
23%
Metropolitan archdiocese Cosenza-Bisignano
22%
Diocese (exempt) Gibraltar
22%
Diocese Jaén
22%
Diocese Segovia
22%
Diocese Tarbes and Lourdes
22%
Diocese Troyes
22%
Diocese Verdun
22%
Diocese Vitoria
22%
Diocese Asti
21%
Diocese Ciudad Real
21%
Archdiocese Crotone-Santa Severina
21%
Diocese Forlì-Bertinoro
21%
Diocese Novara
21%
Diocese Ostia
21%
Diocese Quimper
21%
Diocese Alessandria della Paglia
20%
Diocese Chartres
20%
Diocese Grosseto
20%
Diocese Lancaster
20%
Diocese Massa Carrara-Pontremoli
20%
Archdiocese Matera-Irsina
20%
Diocese Sigüenza-Guadalajara
20%
Diocese Trapani
20%
Territorial prelature Trondheim
20%
Diocese Urgell
20%
Diocese (exempt) Viterbo
20%
Metropolitan archdiocese Agrigento
19%
Diocese Albenga-Imperia
19%
Diocese Coria-Cáceres
19%
Metropolitan archdiocese L'Aquila
19%
Diocese (exempt) Latina-Terracina-Sezze-Priverno
19%
Metropolitan archdiocese Potenza-Muro Lucano-Marsico Nuovo
19%
Diocese (exempt) Terni
19%
Diocese Tournai
19%
Archdiocese Amalfi-Cava de' Tirreni
18%
Diocese Annecy
18%
Metropolitan archdiocese Armagh
18%
Archdiocese Bourges
18%
Diocese Cartagena
18%
Archdiocese Chambéry
18%
Metropolitan archdiocese Chieti-Vasto
18%
Metropolitan archdiocese Gorizia
18%
Diocese Huesca
18%
Diocese Imola
18%
Diocese Lugo
18%
Diocese Prato
18%
Diocese Ragusa
18%
Diocese Savona-Noli
18%
Diocese Adria-Rovigo
17%
Diocese Andria
17%
Diocese Angoulême
17%
Diocese Bragança-Miranda
17%
Metropolitan archdiocese Campobasso-Boiano
17%
Metropolitan archdiocese Catanzaro-Squillace
17%
Diocese Cesena-Sarsina
17%
Diocese Cuneo
17%
Diocese (exempt) Frosinone-Veroli-Ferentino
17%
Diocese Leiria-Fátima
17%
Diocese Lodi
17%
Diocese Macerata-Tolentino-Recanati-Cingoli-Treia
17%
Diocese Palencia
17%
Diocese Pistoia
17%
Diocese Setúbal
17%
Diocese Ventimiglia-San Remo
17%
Diocese Avellino
16%
Diocese Belfort-Montbéliard
16%
Diocese Caserta
16%
Diocese Hasselt
16%
Diocese Jerez de la Frontera
16%
Diocese Laval
16%
Diocese Massa Marittima-Piombino
16%
Diocese Nevers
16%
Metropolitan archdiocese Pesaro
16%
Diocese (exempt) Rieti
16%
Archdiocese Trani-Barletta-Bisceglie
16%
Diocese Valence
16%
Archdiocese Albi
15%
Diocese Arras
15%
Diocese Belluno-Feltre
15%
Diocese Caltanissetta
15%
Archdiocese Cambrai
15%
Diocese Châlons
15%
Diocese Concordia-Pordenone
15%
Diocese East Anglia
15%
Metropolitan archdiocese Fermo
15%
Diocese Northampton
15%
Territorial prelature Pompei
15%
Metropolitan archdiocese Southwark
15%
Diocese Teruel and Albarracín
15%
Metropolitan archdiocese Vercelli
15%
Diocese Zamora
15%
Diocese Blois
14%
Diocese Calahorra and La Calzada-Logroño
14%
Diocese Cuenca
14%
Metropolitan archdiocese Évora
14%
Diocese Isernia-Venafro
14%
Diocese Kerry
14%
Metropolitan archdiocese Oristano
14%
Diocese Osma-Soria
14%
Archdiocese Otranto
14%
Diocese Ourense
14%
Diocese (exempt) Sora-Cassino-Aquino-Pontecorvo
14%
Diocese Teramo-Atri
14%
Diocese Agen
13%
Diocese Angra
13%
Diocese Gap
13%
Archdiocese Lanciano-Ortona
13%
Diocese Le-Puy-en-Velay
13%
Diocese Montauban
13%
Diocese Noto
13%
Diocese Nuoro
13%
Diocese Santarém
13%
Diocese Vannes
13%
Diocese Alcalá de Henares
12%
Diocese Ascoli Piceno
12%
Diocese Aveiro
12%
Diocese Beja
12%
Diocese Biella
12%
Diocese Canarias
12%
Diocese Carpi
12%
Diocese Créteil
12%
Diocese Getafe
12%
Diocese Gubbio
12%
Diocese Lamezia Terme
12%
Diocese Moulins
12%
Diocese Nanterre
12%
Diocese Nicosia
12%
Diocese (exempt) Orvieto-Todi
12%
Diocese Salford
12%
Archdiocese Sens
12%
Diocese (exempt) Tivoli
12%
Territorial prelature Tromsø
12%
Diocese (exempt) Civitavecchia-Tarquinia
11%
Diocese Crema
11%
Diocese Évreux
11%
Diocese Mende
11%
Diocese Mileto-Nicotera-Tropea
11%
Diocese Portalegre-Castelo Branco
11%
Diocese Rodez
11%
Diocese Shrewsbury
11%
Diocese Tortona
11%
Diocese Tortosa
11%
Diocese Tulle
11%
Diocese Alghero-Bosa
9%
Diocese Astorga
9%
Diocese Beauvais
9%
Archdiocese Capua
9%
Diocese Cefalu
9%
Archdiocese (exempt) Gaeta
9%
Diocese Guarda
9%
Diocese Iglesias
9%
Diocese Ischia
9%
Archdiocese Manfredonia-Vieste-San Giovanni Rotondo
9%
Archdiocese Monreale
9%
Territorial Abbacy (exempt) Montecassino
9%
Diocese Pozzuoli
9%
Diocese Saint-Brieuc
9%
Diocese Saluzzo
9%
Archdiocese (exempt) Spoleto-Norcia
9%
Diocese Viseu
9%
Diocese Wrexham
9%
Diocese Altamura-Gravina-Acquaviva delle Fonti
8%
Archdiocese Auch
8%
Diocese Bayeux
8%
Diocese Ciudad Rodrigo
8%
Diocese Clifton
8%
Diocese Digne
8%
Diocese Faenza-Modigliana
8%
Diocese Hallam
8%
Diocese Ivrea
8%
Diocese Montepulciano-Chiusi-Pienza
8%
Diocese Nardò-Gallipoli
8%
Diocese Périgueux
8%
Diocese Plasencia
8%
Diocese Soissons
8%
Diocese Termoli-Larino
8%
Diocese Terrassa
8%
Diocese Velletri-Segni
8%
Diocese Viana do Castelo
8%
Diocese Vigevano
8%
Diocese Barbastro-Monzón
7%
Diocese Brentwood
7%
Diocese Fiesole
7%
Diocese Jaca
7%
Diocese Kildare and Leighlin
7%
Diocese Lucera-Troia
7%
Diocese Meath
7%
Diocese Meaux
7%
Diocese Melfi-Rapolla-Venosa
7%
Diocese Mondoñedo-Ferrol
7%
Diocese Pontoise
7%
Diocese Roermond
7%
Diocese Senigallia
7%
Diocese 's-Hertogenbosch
7%
Archdiocese Sorrento-Castellammare di Stabia
7%
Diocese Vila Real
7%
Diocese Vittorio Veneto
7%
Diocese Albano
6%
Diocese Aversa
6%
Diocese Cahors
6%
Diocese Chiavari
6%
Diocese Chioggia
6%
Diocese Città di Castello
6%
Diocese Fidenza
6%
Diocese Foligno
6%
Diocese Frascati
6%
Diocese Guadix
6%
Diocese Langres
6%
Diocese Nola
6%
Diocese Paisley
6%
Diocese Pinerolo
6%
Archdiocese Rossano-Cariati
6%
Diocese San Benedetto del Tronto-Ripatransano-Montalto
6%
Diocese Sulmona-Valva
6%
Diocese Teano-Calvi
6%
Diocese Ugento-Santa Maria di Leuca
6%
Diocese Acerra
5%
Diocese Acireale
5%
Diocese (exempt) Anagni-Alatri
5%
Diocese Ardagh and Clonmacnoise
5%
Diocese Argyll and the Isles
5%
Diocese Autun
5%
Diocese Casale Monferrato
5%
Diocese Cerignola-Ascoli Satriano
5%
Diocese Conversano-Monopoli
5%
Diocese Coutances
5%
Diocese Évry–Corbeil-Essonnes
5%
Diocese Middlesborough
5%
Diocese Molfetta-Ruvo-Giovinazzo-Terlizzi
5%
Diocese Mondovì
5%
Diocese Nocera Inferiore-Sarno
5%
Diocese Ozieri
5%
Diocese Palestrina
5%
Diocese Patti
5%
Diocese Pitigliano-Sovana-Orbetello
5%
Diocese Saint-Dié
5%
Diocese San Cristóbal de La Laguna
5%
Diocese San Severo
5%
Diocese Solsona
5%
Diocese Tarazona
5%
Diocese Teggiano-Policastro
5%
Diocese Volterra
5%
Diocese Acqui
4%
Diocese Aire
4%
Diocese Alife-Caiazzo
4%
Diocese Ariano Irpino-Lacedonia
4%
Diocese Avezzano
4%
Diocese Belley-Ars
4%
Diocese Fabriano-Matelica
4%
Diocese Galloway
4%
Diocese Lamego
4%
Diocese Locri-Gerace
4%
Territorial prelature Loreto
4%
Diocese Luçon
4%
Diocese Menevia
4%
Diocese Oppido Mamertina-Palmi
4%
Diocese Oria
4%
Diocese Pescia
4%
Diocese Piazza Armerina
4%
Diocese Sabina-Poggio Mirteto
4%
Diocese Saint-Claude
4%
Archdiocese Sant'Angelo dei Lombardi-Conza-Nusco-Bisaccia
4%
Diocese Sant Feliu de Llobregat
4%
Territorial Abbacy (exempt) Subiaco
4%
Diocese Susa
4%
Diocese Tempio-Ampurias
4%
Diocese Tricarico
4%
Diocese Trivento
4%
Metropolitan archdiocese Tuam
4%
Diocese Tursi-Lagonegro
4%
Diocese Vallo della Lucania
4%
Archdiocese Acerenza
3%
Diocese Achonry
3%
Diocese Caltagirone
3%
Archdiocese Camerino-San Severino Marche
3%
Metropolitan archdiocese Cashel and Emly
3%
Diocese Cassano all'Jonio
3%
Diocese Cerreto Sannita-Telese-Sant'Agata de' Goti
3%
Diocese Clogher
3%
Diocese Clonfert
3%
Diocese Cloyne
3%
Diocese Dromore
3%
Diocese Dunkeld
3%
Diocese Elphin
3%
Diocese Ferns
3%
Diocese Fossano
3%
Diocese Iesi
3%
Diocese Killala
3%
Diocese Killaloe
3%
Diocese Kilmore
3%
Diocese Lanusei
3%
Territorial abbacy Montevergine
3%
Diocese Motherwell
3%
Diocese Ossory
3%
Diocese Pamiers
3%
Diocese (exempt) Piana degli Albanesi
3%
Diocese Raphoe
3%
Diocese Saint-Flour
3%
Diocese San Marco Argentano-Scalea
3%
Diocese San Miniato
3%
Diocese Séez
3%
Diocese Alba Pompeia
2%
Diocese Castellaneta
2%
Diocese (exempt) Civita Castellana
2%
Diocese (exempt) Lungro
2%
Diocese Sessa Aurunca
2%
Diocese Viviers
2%
Diocese Mazaro del Vallo
1%
Territorial Abbacy (exempt) Santa Maria di Grottaferrata
1%
Territorial abbacy Trinità della Cava
0%
No matching quizzes found
Score Distribution
Percent of People with Each Score
Percentile by Number Answered
Your Score History
You have not taken this quiz